00947nam a2200265 i 450000100060000000300090000600500170001500700030003200800410003502000180007608000580009408000140015210000270016624500930019326000350028630000220032149000170034360000630036065000410042370000330046483000250049785200210052299900170054395201210056041031ES-MaACL20250819170651.0t|030307s1981 sp ||||1| spa d a84-350-0347-7 a840 Sade, Donatien Alphonse François, Comde de 1.06 a396(0:82)1 aCarter, Angela.93587813aLa mujer sadiana / cAngela Carter ; [traducción del inglés de Graziella Baravalle]. aBarcelona : bEdhasa, c[1981] a165 p. ; c19 cm.1 aPerspectivas14aSade, cmarquis de-xCrítica e interpretación.9101278 7aFeminismo y literatura2embne9127531 aBaravalle, Graziella.9253561 aPerspectivas9183529 aES-MaACLjL-2901 c41031d41031 00104070aATENEOMbATENEOMcDEPO2d2008-01-17eSCl0oL-2901p1043199r2023-02-23 00:00:00w2023-02-23yMONOGRAFIA